| 000 | 01887nam a2200193Ii 4500 | ||
|---|---|---|---|
| 008 | 221202s xx 000 0 und d | ||
| 100 | 1 |
_aLee, Shyh-yuan, _eauthor |
|
| 245 | 0 | _aAccelerator Physics (Fourth Edition) | |
| 264 | 1 |
_aSingapore _bWorld Scientific Publishing Company _c2018 |
|
| 300 | _a1 online resource (568 pages) | ||
| 336 |
_atext _btxt _2rdacontent |
||
| 337 |
_acomputer _bc _2rdamedia |
||
| 338 |
_aonline resource _bcr _2rdacarrier |
||
| 520 | _aResearch and development of high energy accelerators began in 1911. Since then, progresses achieved are:The impacts of the accelerator development are evidenced by the many ground-breaking discoveries in particle and nuclear physics, atomic and molecular physics, condensed matter physics, biology, biomedical physics, nuclear medicine, medical therapy, and industrial processing. This book is intended to be used as a graduate or senior undergraduate textbook in accelerator physics and science. It can be used as preparatory course material in graduate accelerator physics thesis research. The text covers historical accelerator development, transverse betatron motion, synchrotron motion, an introduction to linear accelerators, and synchrotron radiation phenomena in low emittance electron storage rings, introduction to special topics such as the free electron laser and the beam-beam interaction. Hamiltonian dynamics is used to understand beam manipulation, instability and nonlinearity. Each section is followed by exercises, which are designed to reinforce the concept discussed and to solve a realistic accelerator design problem. | ||
| 653 | _aParticle Physics/High Energy Physics, Quantum Fields | ||
| 653 | _aPhysics | ||
| 856 |
_uhttps://docs.google.com/spreadsheets/d/1yKIrdCPDAG_9c22mwoOIO2DOhtj65Wqa/edit?usp=sharing&ouid=106555315294820607512&rtpof=true&sd=true _yList of Curated E-Books |
||
| 942 | _cE-BOOK | ||
| 999 |
_c91420 _d91417 |
||